[Event "Madrid ch - Previa A"]
[Site "Madrid ESP"]
[Date "2008.11.10"]
[Round "4.23"]
[White "Marcelo De La Mata, Daniel"]
[Black "Cortijo Manso, Luis"]
[Result "1/2-1/2"]
[WhiteElo "1507"]
[BlackElo "1689"]
[PlyCount "73"]
[EventDate "2008.11.03"]
[EventRounds "9"]
[EventCountry "ESP"]
[Source "lmi"]
[SourceDate "2008.11.03"]

1. d4 Nf6 2. Bg5 e6 3. e4 Be7 4. Bd3 d6 5. Nf3 Nbd7 6. Nbd2 h6 7. Be3 Ng4 8.
Nf1 Nxe3 9. Nxe3 c5 10. d5 e5 11. c3 Nf6 12. Qa4+ Bd7 13. Bb5 a6 14. Bxd7+ Qxd7
15. Qxd7+ Kxd7 16. Nd2 b5 17. O-O g6 18. c4 h5 19. cxb5 axb5 20. b3 Rhb8 21. f3
Ne8 22. g3 Bd8 23. Rfc1 Ba5 24. Rc2 Nc7 25. a4 Bb6 26. Kf2 bxa4 27. bxa4 Na6
28. Ke2 Nb4 29. Rb2 Ra7 30. Ndc4 Bc7 31. Nc2 Nxc2 32. Rxc2 Rb4 33. a5 Ra6 34.
f4 f6 35. fxe5 fxe5 36. Kd3 Rb5 37. Rca2 1/2-1/2

[Event "Madrid ch - Previa A"]
[Site "Madrid ESP"]
[Date "2008.11.10"]
[Round "4.27"]
[White "Suarez Mencia, Roberto"]
[Black "Zamora Pastora, Roger"]
[Result "1/2-1/2"]
[WhiteElo "1658"]
[BlackElo "1620"]
[PlyCount "108"]
[EventDate "2008.11.03"]
[EventRounds "9"]
[EventCountry "ESP"]
[Source "lmi"]
[SourceDate "2008.11.03"]

1. c4 g6 2. g3 Bg7 3. Bg2 e6 4. e3 Nc6 5. Ne2 Nge7 6. d4 d5 7. cxd5 exd5 8.
Nbc3 Be6 9. Nf4 O-O 10. Nxe6 fxe6 11. O-O Kh8 12. Ne2 Bh6 13. e4 Bxc1 14. Rxc1
dxe4 15. Bxe4 Nd5 16. Kh1 Qd6 17. Qd2 Rf6 18. Ng1 Raf8 19. Nh3 Kg7 20. Rce1
Nce7 21. Bg2 c6 22. Qg5 Nf5 23. Qd2 h6 24. Re4 Qb4 25. Qxb4 Nxb4 26. g4 Nh4 27.
g5 hxg5 28. Nxg5 Nxg2 29. Kxg2 Re8 30. a3 Nd5 31. Kg3 Kh6 32. Nf3 Ref8 33. Rh4+
Kg7 34. Ng5 Rh8 35. Rxh8 Kxh8 36. Ne4 Rf8 37. Nc5 Rf7 38. Nxe6 Ne3 39. Re1 Nf5+
40. Kg2 Nh4+ 41. Kf1 Nf3 42. Re3 Nd2+ 43. Ke2 Nc4 44. Rh3+ Rh7 45. Rxh7+ Kxh7
46. Nd8 Nd6 47. Kd3 a5 48. Kc3 g5 49. f3 Kg6 50. Ne6 Kf5 51. Ng7+ Kf4 52. Ne6+
Kf5 53. Ng7+ Kf4 54. Ne6+ Kf5 1/2-1/2

[Event "Madrid ch - Previa A"]
[Site "Madrid ESP"]
[Date "2008.11.11"]
[Round "5.1"]
[White "Garcia Gutierrez, Jose"]
[Black "Sanz Esteban, Eduardo"]
[Result "0-1"]
[WhiteElo "2059"]
[BlackElo "1891"]
[PlyCount "80"]
[EventDate "2008.11.03"]
[EventRounds "9"]
[EventCountry "ESP"]
[Source "lmi"]
[SourceDate "2008.11.03"]

1. e4 e5 2. d4 exd4 3. f4 d5 4. e5 c5 5. Nf3 Nc6 6. b3 Nge7 7. Bd3 Nf5 8. Qe2
Be7 9. O-O h6 10. g4 Ne3 11. Bxe3 dxe3 12. Qxe3 Bxg4 13. Nbd2 Qd7 14. c3 O-O-O
15. Bb5 g5 16. Kh1 Bh3 17. Rf2 Rdg8 18. Rg1 g4 19. Ne1 Bh4 20. Re2 g3 21. hxg3
d4 22. cxd4 cxd4 23. Qd3 Bg4 24. Rh2 Qd5+ 25. Ne4 Bf5 26. Bxc6 bxc6 27. Qa6+
Kb8 28. Rxh4 Bxe4+ 29. Kh2 d3 30. Qc4 Qxc4 31. bxc4 d2 32. Ng2 Bf3 33. Ne3 Rd8
34. Nd1 h5 35. f5 Bg4 36. Kg2 Rhe8 37. e6 fxe6 38. f6 e5 39. Rhh1 e4 40. Ne3
Bf3+ 0-1

[Event "Madrid ch - Previa A"]
[Site "Madrid ESP"]
[Date "2008.11.11"]
[Round "5.2"]
[White "Gabriel y Galan Acevedo, Jesus"]
[Black "Montero Garcia, Francisco Javier"]
[Result "1/2-1/2"]
[WhiteElo "2033"]
[BlackElo "1887"]
[PlyCount "46"]
[EventDate "2008.11.03"]
[EventRounds "9"]
[EventCountry "ESP"]
[Source "lmi"]
[SourceDate "2008.11.03"]

1. d4 Nf6 2. Nf3 c5 3. c3 d5 4. e3 Nc6 5. Bd3 e6 6. Nbd2 Bd6 7. O-O O-O 8. e4
cxd4 9. cxd4 dxe4 10. Nxe4 Nxe4 11. Bxe4 Bd7 12. Bg5 Be7 13. Bf4 Bf6 14. Ne5
Rc8 15. Qd3 g6 16. Bh6 Bg7 17. Bxg7 Kxg7 18. a3 f6 19. Nc4 Be8 20. Rfd1 Rf7 21.
Rd2 Rd7 22. Bxc6 Rxc6 23. Rad1 Bf7 1/2-1/2

[Event "Madrid ch - Previa A"]
[Site "Madrid ESP"]
[Date "2008.11.11"]
[Round "5.3"]
[White "Lopez Heras, Arturo"]
[Black "Tejedor Ariza, Francisco"]
[Result "0-1"]
[WhiteElo "1988"]
[BlackElo "2031"]
[PlyCount "84"]
[EventDate "2008.11.03"]
[EventRounds "9"]
[EventCountry "ESP"]
[Source "lmi"]
[SourceDate "2008.11.03"]

1. e4 c5 2. b4 cxb4 3. Bb2 Nc6 4. d4 d5 5. exd5 Qxd5 6. c4 Qe4+ 7. Be2 e5 8.
Nd2 Qxg2 9. Bf3 Qg6 10. dxe5 Bf5 11. Bd5 Nge7 12. Qf3 O-O-O 13. Ne2 Nxd5 14.
cxd5 Bg4 15. Qb3 Bxe2 16. Kxe2 Qg4+ 17. Kf1 Kb8 18. Nf3 Na5 19. Qd3 Qc4 20. Rd1
Rxd5 21. Bd4 Qxd3+ 22. Rxd3 Bc5 23. Ke2 Bxd4 24. Rhd1 Nc6 25. Nxd4 Rhd8 26. Nf3
Rxd3 27. Rxd3 Rxd3 28. Kxd3 Kc7 29. Ke4 Kd7 30. Kd5 h6 31. Nd2 Ne7+ 32. Ke4 Ke6
33. f4 f6 34. Nb3 fxe5 35. fxe5 b6 36. Nd4+ Kd7 37. Nb5 a5 38. Nd6 a4 39. Nc4
b3 40. axb3 axb3 41. Nxb6+ Ke6 42. Nc4 Nc6 0-1

[Event "Madrid ch - Previa A"]
[Site "Madrid ESP"]
[Date "2008.11.11"]
[Round "5.4"]
[White "Andalon Gomez, Carlos J"]
[Black "Garcia Lopez, Pedro"]
[Result "1-0"]
[WhiteElo "2012"]
[BlackElo "1839"]
[PlyCount "171"]
[EventDate "2008.11.03"]
[EventRounds "9"]
[EventCountry "ESP"]
[Source "lmi"]
[SourceDate "2008.11.03"]

1. d4 Nf6 2. c4 e6 3. Nf3 d5 4. Nc3 c6 5. Bg5 h6 6. Bh4 Bd6 7. e3 Nbd7 8. Bd3
O-O 9. O-O Be7 10. Qe2 dxc4 11. Bxc4 Nb6 12. Bb3 Nbd5 13. Rac1 Ng4 14. Bg3 Bd6
15. Bxd6 Qxd6 16. h3 Ngf6 17. e4 Nxc3 18. Rxc3 Qd8 19. Rd1 Re8 20. Ne5 Nd7 21.
Ng4 Qg5 22. Rg3 Qh5 23. e5 Kh8 24. Bc2 f5 25. exf6 Nxf6 26. Qd3 Qf5 27. Qc3 Ne4
28. Qe3 Nxg3 29. Bxf5 Nxf5 30. Qe4 Bd7 31. Ne5 Nd6 32. Qc2 Red8 33. g4 Be8 34.
h4 Nb5 35. Nf3 Rd5 36. a4 Nc7 37. g5 h5 38. Qe4 Rad8 39. Qf4 e5 40. Qf8+ Kh7
41. Re1 Bg6 42. Qb4 e4 43. Ne5 Rxd4 44. Qxb7 Ne6 45. Nxg6 Kxg6 46. Qxc6 R8d6
47. Qe8+ Kh7 48. Qxh5+ Kg8 49. g6 Nf8 50. Qb5 Rxg6+ 51. Kf1 Rgd6 52. Qb3+ Kh8
53. Qc2 Re6 54. Qc8 Rf6 55. a5 Kh7 56. Qc3 Ne6 57. b4 Rd3 58. Qc1 Rdf3 59. Rxe4
Rxf2+ 60. Kg1 R2f3 61. Qc8 Rg6+ 62. Kh2 Nf4 63. Rxf4 Rxf4 64. Qh3 Rd6 65. Qc3
Rxh4+ 66. Kg3 Rhd4 67. Qc2+ Rd3+ 68. Kf2 Kh6 69. Ke2 Rh3 70. Qc1+ g5 71. Qc5
Re6+ 72. Kd2 a6 73. Qf8+ Kg6 74. Qg8+ Kf5 75. Qf7+ Ke5 76. Qg7+ Kf4 77. Qf7+
Ke5 78. Qg7+ Kf5 79. Qd7 Rhh6 80. b5 axb5 81. a6 Ke5 82. Qxb5+ Kf4 83. a7 Ra6
84. Qb8+ Rhd6+ 85. Kc3 Rac6+ 86. Kb4 1-0

[Event "Madrid ch - Previa A"]
[Site "Madrid ESP"]
[Date "2008.11.11"]
[Round "5.5"]
[White "Baeza Escudero, Javier"]
[Black "Cano Mercado, Francisco Manuel"]
[Result "0-1"]
[WhiteElo "1901"]
[BlackElo "1891"]
[PlyCount "142"]
[EventDate "2008.11.03"]
[EventRounds "9"]
[EventCountry "ESP"]
[Source "lmi"]
[SourceDate "2008.11.03"]

1. e4 c6 2. d4 d5 3. Nc3 dxe4 4. Nxe4 Bf5 5. Ng3 Bg6 6. Bc4 e6 7. N1e2 Nd7 8.
Nf4 Ngf6 9. O-O Nd5 10. Bxd5 cxd5 11. c4 Nf6 12. Re1 Be7 13. h4 dxc4 14. Qa4+
Qd7 15. Qxc4 Rc8 16. Qb3 Bc2 17. Qf3 Ba4 18. b3 Bc6 19. Qe2 Nd5 20. Nd3 Bb5 21.
Qf3 Rc3 22. Rd1 Bxh4 23. Qg4 Rxd3 24. Rxd3 Bxd3 25. Qxh4 O-O 26. Qg4 Nf6 27.
Qh4 Bg6 28. Bg5 Nd5 29. Ne4 b6 30. Nd2 Nc3 31. Nc4 Qxd4 32. Qxd4 Ne2+ 33. Kf1
Nxd4 34. Rd1 Nb5 35. Rd7 h6 36. Bh4 Rc8 37. a4 Nc3 38. Rxa7 Bd3+ 39. Ke1 Bxc4
40. bxc4 Rxc4 41. Bd8 Rxa4 42. Bxb6 Rxa7 43. Bxa7 Nd5 44. Kd2 Kh7 45. Bb8 Kg6
46. Kd3 Kf5 47. g3 h5 48. Ke2 g5 49. Kf3 e5 50. Bd6 Ke6 51. Bf8 f5 52. Kg2 e4
53. Bh6 Kf6 54. Bf8 f4 55. gxf4 gxf4 56. Bd6 Kf5 57. Kf1 Kg4 58. Kg2 h4 59. Bc5
h3+ 60. Kg1 Kf3 61. Kh2 Kg4 62. Kg1 Nc3 63. Kh2 Nd1 64. Bd4 Kf3 65. Kxh3 Nxf2+
66. Kh2 e3 67. Kg1 Ke4 68. Bb6 Nd3 69. Kf1 f3 70. Ba5 e2+ 71. Kg1 f2+ 0-1

[Event "Madrid ch - Previa A"]
[Site "Madrid ESP"]
[Date "2008.11.11"]
[Round "5.7"]
[White "Lopez Peral, Enrique"]
[Black "Martin Martin, Luis Vicente"]
[Result "1/2-1/2"]
[WhiteElo "1895"]
[BlackElo "2085"]
[PlyCount "61"]
[EventDate "2008.11.03"]
[EventRounds "9"]
[EventCountry "ESP"]
[Source "lmi"]
[SourceDate "2008.11.03"]

1. Nf3 b5 2. b4 Bb7 3. Bb2 Nf6 4. a3 e6 5. e3 a6 6. g3 Be7 7. Bg2 d6 8. d3 Nbd7
9. Nbd2 O-O 10. O-O c5 11. c4 cxb4 12. axb4 bxc4 13. dxc4 Qc7 14. Qb3 Rfb8 15.
Rfc1 Nc5 16. Qc2 Nce4 17. Ba3 d5 18. Nxe4 Nxe4 19. Nd4 Nf6 20. Rab1 dxc4 21.
Qxc4 Qxc4 22. Rxc4 Bxg2 23. Kxg2 Rb7 24. Rbc1 g6 25. Rc7 Rxc7 26. Rxc7 Bf8 27.
Nc6 Nd5 28. Rb7 Rc8 29. Ne5 f6 30. Nd7 Bg7 31. Nc5 1/2-1/2

[Event "Madrid ch - Previa A"]
[Site "Madrid ESP"]
[Date "2008.11.11"]
[Round "5.8"]
[White "Cortes Jurado, Rafael"]
[Black "Gonzalez Recas, Fernando"]
[Result "1-0"]
[WhiteElo "2054"]
[BlackElo "1862"]
[PlyCount "41"]
[EventDate "2008.11.03"]
[EventRounds "9"]
[EventCountry "ESP"]
[Source "lmi"]
[SourceDate "2008.11.03"]

1. e4 e5 2. Nf3 Nc6 3. Bb5 a6 4. Ba4 Nf6 5. O-O Be7 6. Re1 b5 7. Bb3 O-O 8. c3
d5 9. exd5 e4 10. dxc6 exf3 11. d4 Re8 12. Bf4 fxg2 13. Nd2 Bg4 14. Qc2 Nd5 15.
Be5 Nf6 16. Re3 Bh5 17. Rae1 Ng4 18. Qf5 Nxe3 19. Qxh5 g6 20. Bxf7+ Kxf7 21.
Qxh7+ 1-0

[Event "Madrid ch - Previa A"]
[Site "Madrid ESP"]
[Date "2008.11.11"]
[Round "5.9"]
[White "Fernandez Aransay, Fernando"]
[Black "Canseco Arenas, Alfonso"]
[Result "1-0"]
[WhiteElo "1958"]
[BlackElo "1822"]
[PlyCount "111"]
[EventDate "2008.11.03"]
[EventRounds "9"]
[EventCountry "ESP"]
[Source "lmi"]
[SourceDate "2008.11.03"]

1. e4 c5 2. Nf3 d6 3. d4 cxd4 4. Nxd4 Nf6 5. Nc3 e6 6. Be2 Be7 7. O-O Nc6 8.
Be3 O-O 9. f4 Bd7 10. Bf3 Nxd4 11. Bxd4 Bc6 12. Qe1 d5 13. e5 Nd7 14. Qe3 g6
15. Kh1 a6 16. Rad1 Rc8 17. g4 Kh8 18. f5 Bg5 19. Qe2 b5 20. Nxd5 exd5 21. e6+
Kg8 22. fxg6 hxg6 23. exd7 Qxd7 24. Qg2 f6 25. Bf2 Rcd8 26. Bb6 Rb8 27. Bxd5+
Bxd5 28. Rxd5 Qe6 29. Bd4 Rbc8 30. c3 Rc7 31. Qf3 Rff7 32. Rd8+ Kg7 33. Qa8 Qe2
34. Rg8+ Kh6 35. Rf3 Rb7 36. Rh8+ Rh7 37. Rxh7+ Kxh7 38. Qxb7+ Kh6 39. Rh3+ Bh4
40. Qg2 Qe1+ 41. Bg1 g5 42. Re3 Qd1 43. Qf3 Qd6 44. Rd3 Qe6 45. Qf5 Qc6+ 46.
Qd5 Qe8 47. Be3 Qe7 48. Kg1 Kg6 49. Kg2 Kh6 50. Kf3 Qc7 51. Qd6 Qb7+ 52. Rd5
Qf7 53. Bd4 Kg6 54. Qxf6+ Qxf6+ 55. Bxf6 Kxf6 56. Rd6+ 1-0

[Event "Madrid ch - Previa A"]
[Site "Madrid ESP"]
[Date "2008.11.11"]
[Round "5.10"]
[White "Pardo Robles, Jose M"]
[Black "Bascuñana Gonzalez, Sergio"]
[Result "1/2-1/2"]
[WhiteElo "1941"]
[BlackElo "1702"]
[PlyCount "110"]
[EventDate "2008.11.03"]
[EventRounds "9"]
[EventCountry "ESP"]
[Source "lmi"]
[SourceDate "2008.11.03"]

1. e4 e5 2. Nf3 Nf6 3. d4 Nxe4 4. Bd3 d5 5. Nxe5 Bd6 6. O-O O-O 7. c4 c6 8.
cxd5 cxd5 9. Nc3 Nxc3 10. bxc3 Nd7 11. Nxd7 Bxd7 12. Qh5 f5 13. f4 Qc7 14. Bd2
Rf6 15. Qf3 Bc6 16. Bb5 Re6 17. Bxc6 bxc6 18. Qd3 Re4 19. g3 Rae8 20. Rfe1 Qe7
21. Kf1 Qe6 22. a4 Qh6 23. Kg2 Qh5 24. Rxe4 fxe4 25. Qe3 Rb8 26. h3 Rb2 27. g4
Qf7 28. Kg1 Qb7 29. Rf1 Qb3 30. a5 Qb5 31. f5 Rb1 32. Rxb1 Qxb1+ 33. Kg2 Be7
34. g5 Qd1 35. a6 Qh5 36. Qg3 Qe2+ 37. Qf2 Qxf2+ 38. Kxf2 Bd6 39. c4 Bc7 40.
cxd5 cxd5 41. Bb4 Kf7 42. Bc5 Bb8 43. Ke3 g6 44. f6 Ke6 45. Kf2 Kf7 46. Kg2 Ke6
47. h4 Kf7 48. Kh3 Ke6 49. Kg2 Kf7 50. Kf1 Ke6 51. Ke2 Kf7 52. Kd1 Ke8 53. Kc2
Kf7 54. Kc3 Ke6 55. Kb3 Kf7 1/2-1/2

[Event "Madrid ch - Previa A"]
[Site "Madrid ESP"]
[Date "2008.11.11"]
[Round "5.11"]
[White "Rodriguez Bachiller, Luis"]
[Black "Garcia Gonzalez, Pedro"]
[Result "1/2-1/2"]
[WhiteElo "1892"]
[BlackElo "1919"]
[PlyCount "110"]
[EventDate "2008.11.03"]
[EventRounds "9"]
[EventCountry "ESP"]
[Source "lmi"]
[SourceDate "2008.11.03"]

1. e4 e5 2. Nf3 Nc6 3. Bb5 a6 4. Ba4 Nf6 5. O-O Be7 6. Re1 b5 7. Bb3 O-O 8. d4
d6 9. h3 Nxd4 10. Nxd4 exd4 11. c3 dxc3 12. Nxc3 Bb7 13. Bg5 h6 14. Bh4 Re8 15.
e5 dxe5 16. Rxe5 g5 17. Bg3 Qxd1+ 18. Rxd1 Rad8 19. h4 Rxd1+ 20. Nxd1 c5 21.
hxg5 hxg5 22. Rxg5+ Kf8 23. Ne3 c4 24. Bc2 Be4 25. f3 Bxc2 26. Nxc2 Nh7 27. Rd5
Rd8 28. Rxd8+ Bxd8 29. Bd6+ Ke8 30. Kf2 Bf6 31. Ba3 a5 32. b4 cxb3 33. axb3 Kd7
34. Ke3 Ng5 35. Nd4 b4 36. Bc1 Ne6 37. Nxe6 Kxe6 38. Kd3 Kd5 39. g4 Be7 40. Be3
Bd8 41. f4 Bc7 42. g5 Bd8 43. f5 Ke5 44. f6 Ke6 45. Ke4 Bc7 46. Bd4 Bd8 47. Bc5
Bc7 48. Be7 Bb6 49. Kf4 Bc7+ 50. Kg4 a4 51. Bxb4 axb3 52. Ba3 Be5 53. Kh5 b2
54. Bxb2 Bxb2 55. g6 fxg6+ 1/2-1/2

[Event "Madrid ch - Previa A"]
[Site "Madrid ESP"]
[Date "2008.11.11"]
[Round "5.12"]
[White "Martin-Consuegra Barrilero, Francisco Javier"]
[Black "Perez Cameselle, Francisco Jose"]
[Result "0-1"]
[WhiteElo "1893"]
[BlackElo "2010"]
[PlyCount "112"]
[EventDate "2008.11.03"]
[EventRounds "9"]
[EventCountry "ESP"]
[Source "lmi"]
[SourceDate "2008.11.03"]

1. d4 g6 2. e4 d6 3. Be3 Nf6 4. Nc3 Bg7 5. f3 Nbd7 6. Qd2 e5 7. d5 O-O 8. O-O-O
Ne8 9. g4 f5 10. gxf5 gxf5 11. Bh6 f4 12. Bxg7 Kxg7 13. h4 Kh8 14. Qf2 Ndf6 15.
Nge2 c6 16. Kb1 cxd5 17. Nxd5 Nxd5 18. exd5 Nf6 19. Nc3 a6 20. Bd3 b5 21. Be4
b4 22. Ne2 Nxe4 23. fxe4 Bg4 24. Rdg1 h5 25. Nc1 Qc7 26. Rh2 Rac8 27. Nd3 Qc4
28. Re1 a5 29. Qb6 Qc7 30. Qf2 Rf6 31. Qd2 Rg8 32. Qf2 Rf7 33. Rg2 Qa7 34. Qxa7
Rxa7 35. Nf2 Rag7 36. Reg1 Bf3 37. Rxg7 Rxg7 38. Rxg7 Kxg7 39. Kc1 Kf6 40. Kd2
Ke7 41. Kd3 Kd7 42. Nh3 Kc7 43. Ng5 Bg4 44. Nf7 Bd7 45. Ng5 Kb6 46. Kd2 Kc5 47.
b3 Kd4 48. Nf7 Kxe4 49. Nxd6+ Kxd5 50. Nc4 Kd4 51. Nxa5 e4 52. Nc4 e3+ 53. Ke1
f3 54. a4 bxa3 55. Nxa3 f2+ 56. Ke2 Bg4+ 0-1

[Event "Madrid ch - Previa A"]
[Site "Madrid ESP"]
[Date "2008.11.11"]
[Round "5.13"]
[White "Osorio Ramos, Francisco"]
[Black "Diaz Begonte, Manuel"]
[Result "0-1"]
[WhiteElo "1960"]
[BlackElo "1875"]
[PlyCount "94"]
[EventDate "2008.11.03"]
[EventRounds "9"]
[EventCountry "ESP"]
[Source "lmi"]
[SourceDate "2008.11.03"]

1. d4 d5 2. c4 c6 3. Nf3 Nf6 4. Qc2 e6 5. Bg5 Nbd7 6. Nc3 h6 7. Bf4 dxc4 8. e3
Nb6 9. Be2 Nbd5 10. Bg3 Bd6 11. Bxd6 Qxd6 12. Bxc4 O-O 13. O-O b5 14. Be2 Bb7
15. Rfd1 Rac8 16. Ne5 a6 17. Nd3 Nd7 18. Ne4 Qe7 19. a3 Rc7 20. Bf3 f5 21. Nec5
Nxc5 22. Nxc5 Bc8 23. g3 Qg5 24. h4 Qf6 25. Nd3 g5 26. hxg5 hxg5 27. Kg2 f4 28.
Ne5 fxe3 29. Qg6+ Qxg6 30. Nxg6 Rf6 31. Bxd5 exd5 32. Ne5 Rxf2+ 33. Kg1 Rxb2
34. Re1 e2 35. Rac1 Rd2 36. Kf2 Rxd4 37. Rxe2 c5 38. Kf3 Bf5 39. Rh2 Re4 40.
Nd3 Rc4 41. Rxc4 bxc4 42. Nc1 Kg7 43. Ke3 d4+ 44. Kd2 Rb7 45. Kd1 c3 46. Rf2
Kg6 47. Rh2 Rb2 0-1

[Event "Madrid ch - Previa A"]
[Site "Madrid ESP"]
[Date "2008.11.11"]
[Round "5.14"]
[White "Pardiñas Riaño, Emilio"]
[Black "Beekhof Harmsen, Willen"]
[Result "1-0"]
[WhiteElo "1852"]
[BlackElo "1958"]
[PlyCount "79"]
[EventDate "2008.11.03"]
[EventRounds "9"]
[EventCountry "ESP"]
[Source "lmi"]
[SourceDate "2008.11.03"]

1. e4 d6 2. d4 c5 3. d5 Nf6 4. Nc3 g6 5. Nf3 a6 6. a4 Bg7 7. Be2 Qb6 8. a5 Qc7
9. h3 Nfd7 10. Bd2 Ne5 11. O-O Nbd7 12. Nxe5 Bxe5 13. Bh6 Nf6 14. Qd2 b5 15.
Bf3 b4 16. Nd1 Ng8 17. Be3 h5 18. Be2 Bd7 19. f4 Bg7 20. c3 b3 21. c4 f5 22.
Nc3 Nf6 23. e5 dxe5 24. fxe5 Qxe5 25. Bxc5 Ne4 26. Nxe4 fxe4 27. Rab1 Bf5 28.
Be3 O-O 29. Rfd1 Bxh3 30. Qe1 Bf5 31. Bd4 Qc7 32. Bxg7 Kxg7 33. Qc3+ Rf6 34. c5
Kh7 35. Rbc1 Bg4 36. Bxg4 hxg4 37. d6 exd6 38. Qxf6 dxc5 39. Rd6 Rg8 40. Rcd1
1-0

[Event "Madrid ch - Previa A"]
[Site "Madrid ESP"]
[Date "2008.11.11"]
[Round "5.15"]
[White "Boni De Aristizabal, Marco"]
[Black "Romero Jaime, Pedro"]
[Result "1/2-1/2"]
[WhiteElo "1934"]
[BlackElo "1743"]
[PlyCount "147"]
[EventDate "2008.11.03"]
[EventRounds "9"]
[EventCountry "ESP"]
[Source "lmi"]
[SourceDate "2008.11.03"]

1. e4 c5 2. c3 Nc6 3. d4 cxd4 4. cxd4 d6 5. Nf3 Nf6 6. Nc3 e6 7. Be2 Be7 8. O-O
O-O 9. h3 a6 10. Be3 b5 11. a3 Bb7 12. Nh2 Qc7 13. Rc1 Qd7 14. f4 Na7 15. Bf3
Ne8 16. Qb3 Nc7 17. Rfd1 Nc6 18. Qc2 Rfc8 19. Qf2 Na5 20. d5 Nc4 21. Bg4 Nxe3
22. Qxe3 h6 23. e5 f5 24. exf6 Bxf6 25. dxe6 Qe7 26. Rd3 Rd8 27. Nf3 g6 28. Nd4
Nd5 29. Nxd5 Bxd5 30. Nc6 Bxc6 31. Rxc6 Bxb2 32. Bf3 Ra7 33. Qe4 Kg7 34. f5 g5
35. Bh5 Bf6 36. Bf7 Rf8 37. Qf3 Rxf7 38. exf7 Qe1+ 39. Kh2 Rxf7 40. Re3 Be5+
41. g3 Qd2+ 42. Re2 Qd1 43. Rcc2 Bd4 44. Qg2 Be5 45. Rcd2 Qb3 46. Rf2 h5 47.
Rf3 Qa4 48. Kh1 Qe4 49. Re2 Qa4 50. Kh2 h4 51. Rxe5 dxe5 52. f6+ Kg6 53. gxh4
Qxh4 54. Qc2+ e4 55. Rf2 Kh6 56. Qe2 g4 57. Qe3+ Kh7 58. Qxe4+ Kh6 59. Qf4+ Qg5
60. hxg4 Qxf4+ 61. Rxf4 Kg5 62. Kg3 Rxf6 63. Rxf6 Kxf6 64. Kf4 a5 65. Ke4 b4
66. axb4 a4 67. b5 a3 68. b6 a2 69. b7 a1=Q 70. b8=Q Qh1+ 71. Ke3 Qe1+ 72. Kd4
Qd2+ 73. Kc4 Qc2+ 74. Kd4 1/2-1/2

[Event "Madrid ch - Previa A"]
[Site "Madrid ESP"]
[Date "2008.11.11"]
[Round "5.16"]
[White "Manzano Molina, Daniel"]
[Black "Ruiz Quevedo, Andres"]
[Result "0-1"]
[WhiteElo "1608"]
[BlackElo "1903"]
[PlyCount "86"]
[EventDate "2008.11.03"]
[EventRounds "9"]
[EventCountry "ESP"]
[Source "lmi"]
[SourceDate "2008.11.03"]

1. d4 Nf6 2. c4 e6 3. Nc3 Bb4 4. Qc2 Nc6 5. Nf3 d6 6. Bg5 h6 7. Bh4 g5 8. Bg3
g4 9. d5 exd5 10. cxd5 Nxd5 11. Qe4+ Be6 12. Nd2 Nxc3 13. bxc3 Bxc3 14. Rb1 Qg5
15. Bf4 Qd5 16. Qxd5 Bxd5 17. e3 Bxa2 18. Rxb7 Kd7 19. Be2 Be6 20. e4 Rhb8 21.
Rxb8 Rxb8 22. O-O Rb2 23. Rd1 h5 24. e5 Bxe5 25. Bxe5 Nxe5 26. Ba6 Ba2 27. Ne4
Rb1 28. Rxb1 Bxb1 29. Nf6+ Ke7 30. Nd5+ Kd8 31. Nf6 Bg6 32. Nd5 c6 33. Nf4 Kc7
34. Nxg6 fxg6 35. Kf1 Kb6 36. Bc8 a5 37. Ke2 Kc5 38. Kd2 Kb4 39. Ba6 Kb3 40.
Kc1 c5 41. Be2 d5 42. Bd1+ Kc3 43. Bc2 c4 0-1

[Event "Madrid ch - Previa A"]
[Site "Madrid ESP"]
[Date "2008.11.11"]
[Round "5.18"]
[White "Ortega Morales, Pedro"]
[Black "Marcelo De La Mata, Daniel"]
[Result "1-0"]
[WhiteElo "1911"]
[BlackElo "1507"]
[PlyCount "99"]
[EventDate "2008.11.03"]
[EventRounds "9"]
[EventCountry "ESP"]
[Source "lmi"]
[SourceDate "2008.11.03"]

1. d4 c5 2. c3 d5 3. Bf4 Nf6 4. e3 e6 5. Nf3 Be7 6. Ne5 O-O 7. Bd3 Nc6 8. Nd2
cxd4 9. exd4 Nxe5 10. dxe5 Ne8 11. h4 f5 12. Nf3 h5 13. Ng5 g6 14. Nf3 Qb6 15.
Qe2 Bc5 16. Bg5 Bd7 17. b4 Bxb4 18. cxb4 Qxb4+ 19. Bd2 Qg4 20. Rb1 Bc6 21. Bb5
Bxb5 22. Rxb5 Rf7 23. g3 Qa4 24. Be3 Rc7 25. Rb2 Rac8 26. O-O Ng7 27. Nd4 a6
28. Qd1 Qa3 29. Qb3 Qe7 30. Rc2 Rxc2 31. Nxc2 f4 32. Bxf4 Nf5 33. Rd1 Qc5 34.
Rc1 Qe7 35. Qb4 Qd7 36. Nd4 Rxc1+ 37. Bxc1 Qc8 38. Bg5 Qc4 39. Qxc4 dxc4 40.
Nxf5 gxf5 41. Bd2 Kf7 42. f3 Ke8 43. Kf2 Kd7 44. g4 fxg4 45. fxg4 hxg4 46. h5
Ke7 47. Kg3 Kf7 48. Kxg4 b5 49. Kg5 Kg8 50. Kf6 1-0

[Event "Madrid ch - Previa A"]
[Site "Madrid ESP"]
[Date "2008.11.11"]
[Round "5.23"]
[White "Corredor Gonzalez, Angel L"]
[Black "Zamora Pastora, Roger"]
[Result "1-0"]
[WhiteElo "1817"]
[BlackElo "1620"]
[PlyCount "73"]
[EventDate "2008.11.03"]
[EventRounds "9"]
[EventCountry "ESP"]
[Source "lmi"]
[SourceDate "2008.11.03"]

1. e4 e6 2. d4 d5 3. Nc3 dxe4 4. Nxe4 Nf6 5. Bg5 Be7 6. Nf3 Nxe4 7. Bxe7 Qxe7
8. c3 O-O 9. Bd3 Nf6 10. O-O Nbd7 11. Qc2 h6 12. Rfe1 c6 13. Ne5 Nb6 14. f4
Nbd5 15. Qf2 Bd7 16. Qh4 Rad8 17. Rf1 Ne3 18. Rf3 Nf5 19. Qh3 Ne8 20. g4 Nfd6
21. g5 Nf5 22. gxh6 Qh4 23. hxg7 Qxh3 24. gxf8=Q+ Kxf8 25. Rxh3 Ke7 26. Rh8
Ned6 27. Rxd8 Kxd8 28. Kf2 Ne7 29. h4 Ndf5 30. Nxf7+ Kc7 31. h5 Be8 32. Ng5 Kd6
33. Ne4+ Kc7 34. Nf6 Bf7 35. Rg1 Nd5 36. Nxd5+ cxd5 37. Bxf5 1-0

[Event "Madrid ch - Previa A"]
[Site "Madrid ESP"]
[Date "2008.11.11"]
[Round "5.24"]
[White "Aburto Renovales, Rafael"]
[Black "Suarez Mencia, Roberto"]
[Result "0-1"]
[WhiteElo "1530"]
[BlackElo "1658"]
[PlyCount "58"]
[EventDate "2008.11.03"]
[EventRounds "9"]
[EventCountry "ESP"]
[Source "lmi"]
[SourceDate "2008.11.03"]

1. d4 Nf6 2. c4 g6 3. Nc3 Bg7 4. Nf3 d6 5. e4 Nbd7 6. Be2 O-O 7. O-O e5 8. d5
Nc5 9. Qc2 Re8 10. a3 a5 11. b3 Bd7 12. Bb2 c6 13. b4 axb4 14. axb4 Rxa1 15.
Rxa1 Na6 16. Qb3 Nc7 17. Na4 Nxe4 18. Nb6 cxd5 19. Nxd7 Qxd7 20. cxd5 Ra8 21.
Rc1 Nf6 22. b5 Ncxd5 23. Bc4 Nf4 24. Rd1 d5 25. Bf1 Ne4 26. Nxe5 Bxe5 27. Bxe5
Qf5 28. Qb2 f6 29. Bxf4 Qxf4 0-1

[Event "Madrid ch - Previa A"]
[Site "Madrid ESP"]
[Date "2008.11.11"]
[Round "5.25"]
[White "Poblador Dieguez, Alfredo"]
[Black "Arias De Reina Martinez, Francisco"]
[Result "1/2-1/2"]
[WhiteElo "1654"]
[BlackElo "1621"]
[PlyCount "68"]
[EventDate "2008.11.03"]
[EventRounds "9"]
[EventCountry "ESP"]
[Source "lmi"]
[SourceDate "2008.11.03"]

1. d4 Nf6 2. c4 g6 3. Nc3 d5 4. e3 Bg7 5. Nf3 O-O 6. cxd5 Nxd5 7. Bc4 Nb6 8.
Bb3 Nc6 9. a3 e5 10. d5 Na5 11. Ba2 Nac4 12. e4 Nd6 13. O-O Bg4 14. Qd3 Qd7 15.
Nd2 Qe8 16. Nb3 Bd7 17. f3 Bb5 18. Nxb5 Qxb5 19. Qe3 Rfd8 20. Nc5 Qe8 21. Bd2
Nbc4 22. Bxc4 Nxc4 23. Qc3 Nd6 24. Rfc1 Rac8 25. Bg5 f6 26. Be3 c6 27. dxc6
Rxc6 28. Qb3+ Qf7 29. Qxf7+ Kxf7 30. Rd1 b6 31. Nb3 Bf8 32. Rd2 Ke6 33. Rad1
Rc7 34. a4 Rcd7 1/2-1/2